| 000 | 00717nam a2200157 a 4500 | ||
|---|---|---|---|
| 008 | 220225s2017 ||||||||||||||||| || u | ||
| 050 | _aCBU-PG THESIS/NYA | ||
| 100 | _aNyambe, Muyunda | ||
| 245 | 1 | 0 |
_aAnalysis of the impact of human resource planning on the organization effectiveness : case of Ministry of Health Sesheke District _cBy Muyunda Nyambe |
| 260 |
_aKitwe _bCopperbelt University _c2017 |
||
| 300 | _ax, 61 : illustrations | ||
| 650 | _aHUMAN RESOURCE MANAGEMENT--ZAMBIA | ||
| 650 | _aHUMAN RESOURCE PLANNING | ||
| 650 | _aHUMAN RESOURCE MANAGEMENT--RESEARCH | ||
| 995 |
_FCBU-MAIN LIBRARY (Kitwe) _M1 _UAVAILABLE _WMar 11, 2022 _ZUniversity Collection |
||
| 999 |
_c34319 _d34319 |
||